000
00357nam a2200121 4500
008
b xx# fre u
040
_a
LB-BrCRDP
082
1
_a
373.7
_b
NAB
100
1
_a
Naboulsi, Bahij
245
1
0
_a
Enseigner l'algèbre en EB7
_b
Math cycle 3, 2005/2006
_c
Bahij Naboulsi
942
_c
BK
999
_c
10134
_d
10134